000 00572nam a22001937a 4500
999 _c170879
_d170879
005 20191227162802.0
010 _a829239
020 _c16.00
035 _a829239
037 _bBPPD/Pub.
082 _a841
100 _aکالیرا سں گوپتا رضا
245 _aمکتوبات جوش ملسیانی
_cکالیرا سں گوپتا رضا
246 _aMaktubaat Josh Mulsiyani (Urdu) /
_bby Gupta Raza
260 _a-
_bVimal Publlications
_c1976 ء
270 _a-
_b-
_e-
300 _a176p.
_c21cm(Hb)
942 _2ddc
_cUR
_h841
_mج و ش